000 00407nam a22001337a 4500
082 _a627.12
_bREI
_cD
100 _aReinhart, Kenneth G
_944088
245 _asteam-gaging stations for research on small watersheds
_cReinhart, Kenneth G
260 _aUSA
_bAgriculture handbook
_c1964
300 _aii, 37 p.
_bill.
_c26 cm
526 _a0
_b0
_c0
_d627_120000000000000_REI
650 _aD
_96527
942 _2ddc
_cBK
999 _c548046
_d548046